| 000 -LEADER |
| fixed length control field |
00726nam a2200253Ia 4500 |
| 001 - CONTROL NUMBER |
| control field |
949 |
| 003 - CONTROL NUMBER IDENTIFIER |
| control field |
GE_BSU |
| 008 - FIXED-LENGTH DATA ELEMENTS--GENERAL INFORMATION |
| fixed length control field |
181216s||||||||xx |||||||||||||| ||und|| |
| 020 ## - INTERNATIONAL STANDARD BOOK NUMBER |
| International Standard Book Number |
978529900413 |
| 040 ## - CATALOGING SOURCE |
| Transcribing agency |
GE_BSU |
| 080 ## - UNIVERSAL DECIMAL CLASSIFICATION NUMBER |
| Universal Decimal Classification number |
579.2(075.8) |
| 100 ## - MAIN ENTRY--PERSONAL NAME |
| Personal name |
Курчанов,Н.А. |
| 245 ## - TITLE STATEMENT |
| Title |
Генетика человека с основами общей генетики |
| 245 ## - TITLE STATEMENT |
| Remainder of title |
Учебное пособие |
| 250 ## - EDITION STATEMENT |
| Edition statement |
2-е,перераб.доп. |
| 260 ## - PUBLICATION, DISTRIBUTION, ETC. |
| Place of publication, distribution, etc. |
СПБ |
| 260 ## - PUBLICATION, DISTRIBUTION, ETC. |
| Name of publisher, distributor, etc. |
Спецлит |
| 260 ## - PUBLICATION, DISTRIBUTION, ETC. |
| Date of publication, distribution, etc. |
2009 |
| 300 ## - PHYSICAL DESCRIPTION |
| Extent |
191стр. |
| 653 ## - INDEX TERM--UNCONTROLLED |
| Uncontrolled term |
Генетика |
| 653 ## - INDEX TERM--UNCONTROLLED |
| Uncontrolled term |
Генетика человека с основами общей генетики |
| 942 ## - ADDED ENTRY ELEMENTS (KOHA) |
| Koha item type |
წიგნი |